Методика оценки уровней вод реки Томь при ледовых заторах и зажорах у г. Томска (Западная Сибирь); Известия Томского политехнического университета [Известия ТПУ]; Т. 318, № 1 : Науки о Земле
| Parent link: | Известия Томского политехнического университета [Известия ТПУ]/ Томский политехнический университет (ТПУ).— , 2000- Т. 318, № 1 : Науки о Земле.— 2011.— [С. 135-140] |
|---|---|
| Autor principal: | |
| Altres autors: | |
| Sumari: | Заглавие с титульного листа Электронная версия печатной публикации Разработаны и апробированы методики ориентировочной оценки заторных уровней воды р. Томи у г. Томска в зависимости от гидравлических характеристик потока и коэффициента заторности, накопления ледяных образований относительно пропускной способности русла. Показано, что вследствие природных условий формирования водного и ледового режима р. Томи на участке её нижнего течения поддерживается высокая вероятность наводнений вследствие ледовых заторов и зажоров. Рассмотрены способы решения проблемы наводнений в нижнем течении р. Томи. |
| Idioma: | rus |
| Publicat: |
2011
|
| Col·lecció: | Гидрогеология |
| Matèries: | |
| Accés en línia: | http://www.lib.tpu.ru/fulltext/v/Bulletin_TPU/2011/v318/i1/25.pdf |
| Format: | Electrònic Capítol de llibre |
| KOHA link: | https://koha.lib.tpu.ru/cgi-bin/koha/opac-detail.pl?biblionumber=194511 |
MARC
| LEADER | 00000nla2a2200000 4500 | ||
|---|---|---|---|
| 001 | 194511 | ||
| 005 | 20231216101551.0 | ||
| 035 | |a (RuTPU)RU\TPU\book\212138 | ||
| 035 | |a RU\TPU\book\212137 | ||
| 090 | |a 194511 | ||
| 100 | |a 20110417d2011 k y0rusy50 ca | ||
| 101 | 0 | |a rus | |
| 102 | |a RU | ||
| 135 | |a drnn ---uucaa | ||
| 181 | 0 | |a i | |
| 182 | 0 | |a b | |
| 200 | 1 | |a Методика оценки уровней вод реки Томь при ледовых заторах и зажорах у г. Томска (Западная Сибирь) |f О. Г. Савичев, В. А. Льготин | |
| 203 | |a Текст |c электронный | ||
| 215 | |a 1 файл (603 Кб) | ||
| 225 | 1 | |a Гидрогеология | |
| 300 | |a Заглавие с титульного листа | ||
| 300 | |a Электронная версия печатной публикации | ||
| 320 | |a [Библиогр.: с. 140 (8 назв.)] | ||
| 330 | |a Разработаны и апробированы методики ориентировочной оценки заторных уровней воды р. Томи у г. Томска в зависимости от гидравлических характеристик потока и коэффициента заторности, накопления ледяных образований относительно пропускной способности русла. Показано, что вследствие природных условий формирования водного и ледового режима р. Томи на участке её нижнего течения поддерживается высокая вероятность наводнений вследствие ледовых заторов и зажоров. Рассмотрены способы решения проблемы наводнений в нижнем течении р. Томи. | ||
| 337 | |a Adobe Reader | ||
| 461 | 1 | |0 (RuTPU)RU\TPU\book\176237 |t Известия Томского политехнического университета [Известия ТПУ] |f Томский политехнический университет (ТПУ) |d 2000- | |
| 463 | 1 | |0 (RuTPU)RU\TPU\book\211766 |x 1684-8519 |t Т. 318, № 1 : Науки о Земле |v [С. 135-140] |d 2011 |p 184 с. | |
| 610 | 1 | |a наводнения | |
| 610 | 1 | |a ледовые заторы | |
| 610 | 1 | |a ледовые зажоры | |
| 610 | 1 | |a максимальные уровни воды | |
| 610 | 1 | |a Томь | |
| 610 | 1 | |a труды учёных ТПУ | |
| 610 | 1 | |a электронный ресурс | |
| 700 | 1 | |a Савичев |b О. Г. |c геолог |c профессор Томского политехнического университета, доктор географических наук |f 1967- |g Олег Геннадьевич |3 (RuTPU)RU\TPU\pers\25454 |9 11394 | |
| 701 | 1 | |a Льготин |b В. А. |c российский геолог |c профессор Томского политехнического университета, кандидат геолого-минералогических наук |c генеральный директор ОАО «Томскгеомониторинг» |f 1955- |g Виктор Александрович |3 (RuTPU)RU\TPU\pers\25453 | |
| 801 | 1 | |a RU |b 63413507 |c 20090623 |g PSBO | |
| 801 | 2 | |a RU |b 63413507 |c 20211227 |g PSBO | |
| 856 | 4 | |u http://www.lib.tpu.ru/fulltext/v/Bulletin_TPU/2011/v318/i1/25.pdf | |
| 942 | |c CF | ||